| 000 | 00420cam a22001217a 4500 | ||
|---|---|---|---|
| 008 | 180718b1988 xxu||||| |||| 00| 0 eng d | ||
| 082 | _aA81x54 In2/81/1/Pt 5 A & B/7 | ||
| 100 | _aCensus of India 1981 | ||
| 245 | _aIndia: migration tables, migration (table D-9 to D-12 & D-14) | ||
| 260 |
_aDelhi _bController of Publication _c1988 |
||
| 300 | _a693p. | ||
| 440 | _aCensus of India 1981. Series-1, India. Part V-A & B (vii) | ||
| 999 |
_c481852 _d481852 |
||